Horaris comercials 2012 : informa-te'n! = Opening hours 2012 : latest information : català - english informa-te'n! = Opening hours 2012 :
Publicado:
Barcelona :
Diputació de Barcelona. Àrea de Desenvolupament Econòmic i Ocupació. Gerència de Serveis de Comerç Urbà. Servei de Comerç Urbà ,
2012
Descripción Física:
7 p. ; 21 cm
Materias:
Establiments comercials
MARC
| LEADER | 00000nam a2200000Ia 4500 | ||
|---|---|---|---|
| 001 | 23502 | ||
| 008 | 160829s2012 xx 000 0 cat d | ||
| 080 | |a FU-61-54 | ||
| 245 | |a Horaris comercials 2012 : |b informa-te'n! = Opening hours 2012 : |b latest information : |b català - english | ||
| 260 | |a Barcelona : |b Diputació de Barcelona. Àrea de Desenvolupament Econòmic i Ocupació. Gerència de Serveis de Comerç Urbà. Servei de Comerç Urbà, |c 2012 | ||
| 300 | |a 7 p. ; |c 21 cm | ||
| 590 | |a Text en català i anglès. | ||
| 650 | |a Establiments comercials |9 40106 | ||
| 710 | 1 | |a Barcelona (Catalunya : Província). |b Servei de Comerç Urbà |9 51855 | |
| 901 | |a Arxiu | ||
| 942 | |n 1 | ||
| 952 | |0 0 |1 0 |4 0 |6 FU6154 |7 1 |9 54940 |a Arxiu |b Arxiu |d 2012-08-06 |l 0 |o FU-61-54 |p 23502 |r 2016-12-01 00:00:00 |w 2016-12-01 |y ARXIU | ||
| 999 | |c 58810 |d 58810 | ||